LEADER 04277nam 22005652 450 001 9910463146603321 005 20151005020621.0 010 $a1-139-88961-3 010 $a1-107-05694-2 010 $a1-107-05479-6 010 $a1-107-05809-0 010 $a1-139-34348-3 010 $a1-107-05940-2 010 $a1-107-05587-3 035 $a(CKB)2670000000353353 035 $a(EBL)1182967 035 $a(MiAaPQ)EBC1182967 035 $a(Au-PeEL)EBL1182967 035 $a(CaPaEBR)ebr10695347 035 $a(CaONFJC)MIL494696 035 $a(OCoLC)842932618 035 $a(UkCbUP)CR9781139343480 035 $a(EXLCZ)992670000000353353 100 $a20120313d2013|||| uy| 0 101 0 $aeng 135 $aur||||||||||| 181 $ctxt$2rdacontent 182 $cc$2rdamedia 183 $acr$2rdacarrier 200 10$aIntroduction to the statistical physics of integrable many-body systems /$fLadislav S?amaj, Zolta?n Bajnok$b[electronic resource] 210 1$aCambridge :$cCambridge University Press,$d2013. 215 $a1 online resource (xix, 504 pages) $cdigital, PDF file(s) 300 $aTitle from publisher's bibliographic system (viewed on 05 Oct 2015). 311 $a1-107-03043-9 320 $aIncludes bibliographical references and index. 327 $aPart I. Spinless Bose and Fermi Gases. 1. Particles with nearest-neighbour interactions: Bethe ansatz and the ground state; 2. Bethe ansatz: zero-temperature thermodynamics and excitations; 3. Bethe ansatz: finite-temperature thermodynamics; 4. Particles with inverse-square interactions; Part II. Quantum Inverse Scattering Method. 5. QISM: Yang-Baxter equation; 6. QISM: transfer matrix and its diagonalization; 7. QISM: treatment of boundary conditions; 8. Nested Bethe ansatz for spin-1/2 fermions with delta interactions; 9. Thermodynamics of spin-1/2 fermions with delta interactions; Part III. Quantum Spin Chains. 10. Quantum Ising chain in a transverse field; 11. XXZ Heisenberg chain: Bethe ansatz and the ground state; 12. XXZ Heisenberg chain: ground state in the presence of magnetic field; 13. XXZ Heisenberg chain: excited states; 14. XXX Heisenberg chain: thermodynamics with strings; 15. XXZ Heisenberg chain: thermodynamics without strings; 16. XYZ Heisenberg chain; 17. Integrable isotropic chains with arbitrary spin; Part IV. Strongly Correlated Electrons. 18. Hubbard model; 19. Kondo effect; 20. Luttinger many-fermion model; 21. Integrable BCS superconductors; Part V. Sine-Gordon Model. 22. Classical sine-Gordon theory; 23. Conformal quantization; 24. Lagrangian quantization; 25. Bootstrap quantization; 26. UV-IR relation; 27. Exact finite volume description from XXZ; 28. Two-dimensional Coulomb gas. 330 $aIncluding topics not traditionally covered in literature, such as (1+1)-dimensional QFT and classical 2D Coulomb gases, this book considers a wide range of models and demonstrates a number of situations to which they can be applied. Beginning with a treatise of nonrelativistic 1D continuum Fermi and Bose quantum gases of identical spinless particles, the book describes the quantum inverse scattering method and the analysis of the related Yang-Baxter equation and integrable quantum Heisenberg models. It also discusses systems within condensed matter physics, the complete solution of the sine-Gordon model and modern trends in the thermodynamic Bethe ansatz. Each chapter concludes with problems and solutions to help consolidate the reader's understanding of the theory and its applications. Basic knowledge of quantum mechanics and equilibrium statistical physics is assumed, making this book suitable for graduate students and researchers in statistical physics, quantum mechanics and mathematical and theoretical physics. 606 $aQuantum theory$xStatistical methods 606 $aMany-body problem 615 0$aQuantum theory$xStatistical methods. 615 0$aMany-body problem. 676 $a530.12015195 700 $aS?amaj$b Ladislav$f1959-$01048141 702 $aBajnok$b Zolta?n 801 0$bUkCbUP 801 1$bUkCbUP 906 $aBOOK 912 $a9910463146603321 996 $aIntroduction to the statistical physics of integrable many-body systems$92476188 997 $aUNINA LEADER 02795oas 2201189 a 450 001 9910140237403321 005 20251106213014.0 011 $a1468-4357 035 $a(DE-599)ZDB2020601-X 035 $a(DE-599)2020601-X 035 $a(OCoLC)45169916 035 $a(CONSER) 2002253230 035 $a(CKB)110976527305929 035 $a(EXLCZ)99110976527305929 100 $a20001013a20009999 sy 101 0 $aeng 135 $aurmnu|||||||| 181 $ctxt$2rdacontent 182 $cc$2rdamedia 183 $acr$2rdacarrier 200 10$aBiostatistics 210 $a[Oxford] $cOxford University Press for the Biometrika Trust$d2000- 300 $aRefereed/Peer-reviewed 300 $aTitle from contents (viewed November 25, 2002). 311 08$a1465-4644 606 $aBiometry$vPeriodicals 606 $aBiometry 606 $aBiometry 606 $aBiome?trie$vPe?riodiques 606 $aBiome?trie 606 $abiometrics$2aat 606 $aBiometry$2fast$3(OCoLC)fst00832611 606 $aBiome?trie$2rasuqam 606 $aHealth and Wellbeing$2ukslc 608 $aPeriodical. 608 $aperiodicals.$2aat 608 $aPeriodicals.$2fast 608 $aPeriodicals.$2lcgft 608 $aRessource Internet (Descripteur de forme)$2rasuqam 608 $aPe?riodique e?lectronique (Descripteur de forme)$2rasuqam 608 $aPe?riodiques.$2rvmgf 615 0$aBiometry 615 0$aBiometry. 615 2$aBiometry. 615 6$aBiome?trie 615 6$aBiome?trie. 615 7$abiometrics. 615 7$aBiometry. 615 17$aBiome?trie. 615 7$aHealth and Wellbeing. 712 02$aBiometrika Trust, 712 02$aHighWire Press, 801 0$bPIT 801 1$bPIT 801 2$bOCL 801 2$bOCLCQ 801 2$bSBH 801 2$bWAU 801 2$bOCL 801 2$bOCLCQ 801 2$bUQ1 801 2$bOCLCQ 801 2$bHEBIS 801 2$bOCLCQ 801 2$bOCLCO 801 2$bOCLCF 801 2$bOCLCQ 801 2$bVT2 801 2$bEUW 801 2$bOCLCQ 801 2$bVGM 801 2$bOCLCO 801 2$bSTBDS 801 2$bOCLCA 801 2$bNLC 801 2$bNLE 801 2$bLND 801 2$bBUF 801 2$bOCLCQ 801 2$bUKMGB 801 2$bAU@ 801 2$bOCLCO 801 2$bU3W 801 2$bAUD 801 2$bCNTRU 801 2$bSFB 801 2$bOCLCQ 801 2$bOCLCO 801 2$bUBY 801 2$bCNMTR 801 2$bOCLCO 801 2$bOCLCQ 801 2$bUAB 801 2$bOCLCQ 801 2$bQGK 801 2$bOCLCL 801 2$bADU 801 2$bOCLCQ 906 $aJOURNAL 912 $a9910140237403321 996 $aBiostatistics$91130124 997 $aUNINA